MARC details
| 000 -CABECERA |
| campo de control de longitud fija |
01632nam a2200397 a 4500 |
| 001 - NÚMERO DE CONTROL |
| campo de control |
Z_2832 |
| 003 - IDENTIFICADOR DEL NÚMERO DE CONTROL |
| campo de control |
CHAP |
| 005 - FECHA Y HORA DE LA ÚLTIMA TRANSACCIÓN |
| campo de control |
20230713125218.0 |
| 007 - CAMPO FIJO DE DESCRIPCIÓN FÍSICA--INFORMACIÓN GENERAL |
| campo de control de longitud fija |
ta |
| 008 - DATOS DE LONGITUD FIJA--INFORMACIÓN GENERAL |
| campo de control de longitud fija |
220601t1982 mx ad fr 001 0 spa d |
| 020 ## - NÚMERO INTERNACIONAL ESTÁNDAR DEL LIBRO |
| Número Internacional Estándar del Libro |
968-451-152-3 |
| 040 ## - FUENTE DE LA CATALOGACIÓN |
| Centro catalogador/agencia de origen |
Z |
| Centro/agencia transcriptor |
CHAP |
| 082 00 - NÚMERO DE LA CLASIFICACIÓN DECIMAL DEWEY |
| Número de clasificación |
636.0824 |
| Número de documento/Ítem |
S67 1982 |
| Número de edición |
20 |
| 100 0# - ENTRADA PRINCIPAL--NOMBRE DE PERSONA |
| Nombre de persona |
Sorensen, A. M., Jr. |
| Término indicativo de función/relación |
autor |
| 9 (RLIN) |
108612 |
| 245 10 - MENCIÓN DE TÍTULO |
| Título |
Reproducción animal : |
| Resto del título |
principios y prácticas / |
| Mención de responsabilidad, etc. |
A. M. Sorensen, Jr.; traducción Ramón Elizondo Mata; revisión técnica Alejandro Polanco Jaime |
| 250 ## - MENCIÓN DE EDICIÓN |
| Mención de edición |
Primera edición |
| 264 ## - PRODUCCIÓN, PUBLICACIÓN, DISTRIBUCIÓN, FABRICACIÓN Y COPYRIGHT |
| Producción, publicación, distribución, fabricación y copyright |
México, D. F. : |
| Nombre del de productor, editor, distribuidor, fabricante |
McGraw-Hill, |
| Fecha de producción, publicación, distribución, fabricación o copyright |
c1982 |
| 300 ## - DESCRIPCIÓN FÍSICA |
| Extensión |
539 páginas : |
| Otras características físicas |
ilustraciones, fotografías, gráficas, tablas |
| 336 ## - TIPO DE CONTENIDO |
| Fuente |
rdacontent |
| Término de tipo de contenido |
texto |
| Código de tipo de contenido |
txt |
| 337 ## - TIPO DE MEDIO |
| Fuente |
rdamedia |
| Nombre/término del tipo de medio |
sin medio |
| Código del tipo de medio |
n |
| 338 ## - TIPO DE SOPORTE |
| Fuente |
rdacarrier |
| Nombre/término del tipo de soporte |
volumen |
| Código del tipo de soporte |
nc |
| 500 ## - NOTA GENERAL |
| Nota general |
ej.1: s/n \ ej.2: donación \ ej.3: donación\ ej.4: s/n \ ej.5: 128813 \ ej.6: s/n \ ej.7: s/n \ ej.8: donación<br/><br/> |
| 504 ## - NOTA DE BIBLIOGRAFÍA, ETC. |
| Nota de bibliografía, etc. |
Incluye bibliografía |
| 534 ## - NOTA SOBRE LA VERSIÓN ORIGINAL |
| Publicación, distribución, etc. del original |
Estados Unidos: McGraw-Hill, c1979, ISBN: 0-07-059670-0 |
| Frase introductoria |
Título original: |
| Mención de título del original |
Animal reproduction: principles and practices, 1979 |
| 650 13 - PUNTO DE ACCESO ADICIONAL DE MATERIA--TÉRMINO DE MATERIA |
| Término de materia o nombre geográfico como elemento de entrada |
Reproducción de animales |
| 9 (RLIN) |
144201 |
| 650 13 - PUNTO DE ACCESO ADICIONAL DE MATERIA--TÉRMINO DE MATERIA |
| Término de materia o nombre geográfico como elemento de entrada |
Anatomía animal |
| 9 (RLIN) |
139660 |
| 650 13 - PUNTO DE ACCESO ADICIONAL DE MATERIA--TÉRMINO DE MATERIA |
| Término de materia o nombre geográfico como elemento de entrada |
Sistema reproductor de las hembras |
| 9 (RLIN) |
187593 |
| 650 13 - PUNTO DE ACCESO ADICIONAL DE MATERIA--TÉRMINO DE MATERIA |
| Término de materia o nombre geográfico como elemento de entrada |
Sistema reproductor del macho |
| 9 (RLIN) |
187594 |
| 650 17 - PUNTO DE ACCESO ADICIONAL DE MATERIA--TÉRMINO DE MATERIA |
| Término de materia o nombre geográfico como elemento de entrada |
Inseminación artificial |
| 9 (RLIN) |
58964 |
| 700 1# - PUNTO DE ACCESO ADICIONAL--NOMBRE DE PERSONA |
| 9 (RLIN) |
137684 |
| Nombre de persona |
Elizondo Mata, Ramón |
| Término indicativo de función/relación |
traductor |
| 700 1# - PUNTO DE ACCESO ADICIONAL--NOMBRE DE PERSONA |
| 9 (RLIN) |
90194 |
| Nombre de persona |
Polanco Jaime, Alejandro |
| Término indicativo de función/relación |
revisión |
| 942 ## - ELEMENTOS DE PUNTO DE ACCESO ADICIONAL (KOHA) |
| Tipo de ítem Koha |
Libro |
| Fuente del sistema de clasificación o colocación |
Dewey Decimal Classification |
| 901 ## - ELEMENTOS DE DATOS A LOCAL LDA (RLIN) |
| a |
636.0824 S67 1982 |
| 902 ## - ELEMENTOS DE DATOS B LOCAL, LDB (RLIN) |
| a |
M |
| 905 ## - ELEMENTOS DE DATOS E LOCAL, LDE (RLIN) |
| a |
0000001982 0000000000 00 |